| 000 | 01430cam a2200157 4500500 | ||
|---|---|---|---|
| 005 | 20260222003334.0 | ||
| 041 | _afre | ||
| 042 | _adc | ||
| 100 | 1 | 0 |
_aDerouet, Jean-Louis _eauthor |
| 245 | 0 | 0 | _aRepenser la justice en éducation |
| 260 | _c2005. | ||
| 500 | _a16 | ||
| 520 | _aUn abord de l’éducation spécialisée peut resituer ses pratiques et ses logiques dans une perspective anthropologique, où la non-complétude des êtres humains permet d’envisager autrement les problématiques du mal et ses pratiques de traitement. L’arbitraire du langage articulé et la dérégulation de la sexualité humaine provoquent une certaine indétermination pour l’espèce humaine et chacun de ses membres. Lorsque le vivant achoppe dans le surgissement des maladies, les sociétés humaines s’interrogent sur le malheur de leur condition et sur les malfaisances et les malfaçons qui y œuvreraient : c’est à chaque sujet humain de prendre à sa charge ce mal-être. Accompagner les effets sociaux des maladies et des malfaçons, les interrogations existentielles du malheur et de la malfaisance, les épreuves subjectives du mal-être, voilà l’œuvre à laquelle l’éducation spécialisée a été assignée ... | ||
| 786 | 0 | _nÉducation et Sociétés | 16 | 2 | 2005-12-01 | p. 29-40 | 1373-847X | |
| 856 | 4 | 1 | _uhttps://shs.cairn.info/revue-education-et-societes-2005-2-page-29?lang=fr&redirect-ssocas=7080 |
| 999 |
_c1667483 _d1667483 |
||